MARC

LEADER 00000nam0a2200000 4500
001 30208
005 20231030203827.0
010 |a 5893491491 
010 |a 5-02-011720-X 
035 |a (RuTPU)RU\TPU\book\30478 
035 |a BOOK00000006 
090 |a 30208 
100 |a 20011209d2000 m y0rusy50 ca 
101 0 |a rus 
102 |a RU 
105 |a y j 000zy 
200 1 |a Введение в языкознание  |e учебное пособие для вузов  |f А. М. Камчатнов, Н. А. Николина 
205 |a 2-е изд. 
210 |a Москва  |c Флинта  |c Наука  |d 2000 
215 |a 230 с. 
451 1 |0 (RuTPU)RU\TPU\book\62827  |y 5-89349-149-1  |t Введение в языкознание  |o учебное пособие  |f А. М. Камчатнов, Н. А. Николина  |e 4-е изд.  |c М.  |n Флинта  |n Наука  |d 2002  |p 230 с.  |a Камчатнов, Александр Михайлович 
451 1 |0 (RuTPU)RU\TPU\book\13313  |y 5-02-011720-X  |t Введение в языкознание  |o учебное пособие  |f А. М. Камчатнов, Н. А. Николина  |c М.  |n Флинта  |d 1999  |p 232 с.  |a Камчатнов, Александр Михайлович 
451 |y 5-89349-149-1 
610 1 |a языкознание 
610 1 |a теория 
610 1 |a фонетика 
610 1 |a фонология 
610 1 |a лексикология 
610 1 |a имена 
610 1 |a философия 
610 1 |a морфемика 
610 1 |a словообразование 
610 1 |a грамматика 
610 1 |a языки мира 
610 1 |a типология 
610 1 |a языковое родство 
610 1 |a учебные пособия 
686 |a Ш10я73  |v LBC/SL-A  |2 rubbk 
700 1 |a Камчатнов  |b А. М.  |g Александр Михайлович 
701 1 |a Николина  |b Н. А.  |g Наталья Анатольевна 
801 0 |a RU  |b 63413507  |c 20011209  |g PSBO 
801 2 |a RU  |b 63413507  |c 20130911  |g PSBO 
942 |c BK